Ciudades Más Pobladas de Alicante - Estadísticas

Estadísticas generales
  • Esta prueba ha sido intentada 454 veces
  • La puntuación promedio es 15 de 20
Estadísticas de respuestas
Nº de Habitantes Ciudad % Correcto
329.988 Alicante
100%
228.675 Elche
99%
66.831 Benidorm
92%
83.252 Torrevieja
91%
76.097 Orihuela
89%
41.568 Denia
85%
59.106 Alcoy
83%
52.620 Elda
82%
57.175 San Vicente del Raspeig
81%
31.137 Santa Pola
72%
23.149 San Juan de Alicante
70%
27.060 Jávea
69%
33.968 Villena
68%
34.533 Petrel
66%
33.607 Villajoyosa
65%
25.868 Novelda
63%
23.423 Ibi
56%
28.836 Crevillente
54%
27.604 Campello
49%
24.778 Muchamiel
43%
No se encontraron pruebas coincidentes
Distribución de puntuación
Porcentaje de gente con cada puntuación
Porcentaje por número respondido
Historial de tus puntuaciones
No has intentado esta prueba.